000
00341nam a22001457a 4500
008
230613b ||||| |||| 00| 0 eng d
020
_a
9780323096072
041
_a
eng
080
_2
FIFTH EDITION
_a
610.73
082
_a
610.73HOC
100
_a
8
101
_a
INF
245
_a
MATERNAL CHILD NURSING CARE
_c
HOCKENBERRY
942
_2
udc
_c
BK
999
_c
59952
_d
59952